000 00518nam a2200181Ia 4500
008 151202s9999||||xx |||||||||||||| ||und||
082 _bPNVM-5657
100 _aकाणेकर अनंत.
245 _aतुटलेले तारे.
260 _b---
260 _c0
300 _a0
600 _aकाणेकर अनंत.
630 _aतुटलेले तारे.
700 _aकाणेकर अनंत.
730 _aतुटलेले तारे.
942 _cBOOK
999 _c1271651
_d1271648